[Event "Berkshire Berks & Bucks op-A"]
[Site "Berkshire"]
[Date "2023.08.28"]
[Round "5"]
[White "Seymour, Timothy P"]
[Black "Rogers, Timothy"]
[Result "1-0"]
[WhiteElo "2134"]
[BlackElo "1963"]
[PlyCount "79"]
[EventDate "2023.08.26"]
[EventType "swiss"]
[EventRounds "6"]
[EventCountry "ENG"]
[SourceTitle "EXT 2024"]
[Source "ChessBase"]
[SourceDate "2023.10.10"]
[SourceVersion "1"]
[SourceVersionDate "2023.10.10"]
[SourceQuality "1"]

1. Nf3 d5 2. e3 Nf6 3. c4 e6 4. Nc3 Be7 5. b3 0-0 6. Bb2 c5 7. cxd5 exd5 8. d4 Nc6 9. Be2 Ne4 10. dxc5 Bf6 11. Rc1 Qa5 12. Nd4 Nxc5 13. Nxc6 bxc6 14. 0-0 Ne4 15. Qc2 Nxc3 16. Bxc3 Bxc3 17. Qxc3 Qxa2 18. Rc2 Qa3 19. Ra1 Qe7 20. Qxc6 Bf5 21. Rca2 Be4 22. Qc3 Qb7 23. Qd4 Rfe8 24. b4 Rab8 25. b5 Qb6 26. Rxa7 Qxd4 27. exd4 Bxg2 28. Bh5 g6 29. Kxg2 gxh5 30. Rb1 Kg7 31. Rd7 Red8 32. Rxd8 Rxd8 33. b6 Rb8 34. b7 Kg6 35. h4 Kf5 36. Kf3 Ke6 37. Kf4 f6 38. Rb6+ Kd7 39. Kf5 Kc7 40. Rb2 1-0

[Event "Berkshire Berks & Bucks op-A"]
[Site "Berkshire"]
[Date "2023.08.27"]
[Round "4"]
[White "Rogers, Timothy"]
[Black "Merriman, James"]
[Result "0-1"]
[WhiteElo "1963"]
[BlackElo "2014"]
[PlyCount "82"]
[EventDate "2023.08.26"]
[EventType "swiss"]
[EventRounds "6"]
[EventCountry "ENG"]
[SourceTitle "EXT 2024"]
[Source "ChessBase"]
[SourceDate "2023.10.10"]
[SourceVersion "1"]
[SourceVersionDate "2023.10.10"]
[SourceQuality "1"]

1. e4 e6 2. d4 d5 3. e5 c5 4. c3 Qb6 5. Nf3 Nc6 6. a3 f6 7. Bd3 fxe5 8. Nxe5 Nxe5 9. dxe5 g6 10. Qe2 c4 11. Bc2 Ne7 12. Be3 Qc7 13. Bg5 Bg7 14. Bf6 Bxf6 15. exf6 Ng8 16. Ba4+ Kf7 17. Nd2 Nxf6 18. Nf3 Kg7 19. 0-0 Bd7 20. Bxd7 Qxd7 21. Rad1 Rhe8 22. Ne5 Qc7 23. Rd4 b5 24. Rfd1 Rad8 25. f3 Nd7 26. Ng4 h5 27. Nf2 Nf6 28. f4 e5 29. fxe5 Rxe5 30. Qd2 Rde8 31. g3 Re2 32. Qc1 Qe5 33. Kf1 Qf5 34. Rf4 Qc2 35. Qxc2 Rxc2 36. Rb1 Ree2 37. b3 Rb2 38. Rd1 cxb3 39. a4 bxa4 40. c4 Rbd2 41. cxd5 Rxf2+ 0-1

[Event "London Central op"]
[Site "London"]
[Date "2022.11.04"]
[Round "1"]
[White "Rogers, Timothy"]
[Black "Jain, Gautam"]
[Result "0-1"]
[WhiteElo "2019"]
[BlackElo "1900"]
[PlyCount "46"]
[EventDate "2022.11.04"]
[EventType "swiss"]
[EventRounds "5"]
[EventCountry "ENG"]
[SourceTitle "EXT 2024"]
[Source "ChessBase"]
[SourceDate "2023.10.10"]
[SourceVersion "1"]
[SourceVersionDate "2023.10.10"]
[SourceQuality "1"]

1. e4 e5 2. Nf3 Nc6 3. Bc4 Nf6 4. d3 h6 5. c3 d6 6. Bb3 g5 7. Nbd2 g4 8. Ng1 Bg7 9. Nf1 Ne7 10. Ne3 h5 11. h3 d5 12. hxg4 hxg4 13. Rxh8+ Bxh8 14. exd5 Nexd5 15. Bxd5 Nxd5 16. Nxg4 Qh4 17. Qf3 Bxg4 18. Qxd5 c6 19. Qc4 0-0-0 20. Be3 Bf6 21. Kd2 Bg5 22. Qxf7 Bf4 23. Ne2 Qxf2 0-1

[Event "Southend Easter op 64th"]
[Site "Southend"]
[Date "2022.04.15"]
[Round "1"]
[White "Rogers, Timothy"]
[Black "Ball, Charlie"]
[Result "1-0"]
[WhiteElo "1986"]
[BlackElo "1272"]
[PlyCount "49"]
[EventDate "2022.04.15"]
[EventType "swiss"]
[EventRounds "7"]
[EventCountry "ENG"]
[SourceTitle "CBM 207 Extra"]
[Source "ChessBase"]
[SourceDate "2022.05.31"]
[SourceVersion "1"]
[SourceVersionDate "2022.05.31"]
[SourceQuality "1"]

1. e4 d5 2. exd5 Nf6 3. d4 Bg4 4. Be2 Bxe2 5. Qxe2 Qxd5 6. Nf3 Nc6 7. 0-0 0-0-0 8. Be3 e6 9. c4 Qf5 10. Nc3 Bd6 11. Rad1 h6 12. d5 Ne5 13. Nd4 Qh5 14. Qxh5 Nxh5 15. c5 Be7 16. Ndb5 a6 17. d6 axb5 18. dxe7 Rxd1 19. Rxd1 Nc6 20. Nxb5 Nf6 21. Bd4 Re8 22. Bxf6 gxf6 23. Kf1 Nxe7 24. Rd3 Rd8 25. Na7+ 1-0

[Event "London Classic op U2050-A 11th"]
[Site "London"]
[Date "2019.11.29"]
[Round "1"]
[White "Rogers, Timothy"]
[Black "Reilly, Gerhard"]
[Result "1-0"]
[WhiteElo "1969"]
[BlackElo "1727"]
[PlyCount "75"]
[EventDate "2019.11.29"]
[EventType "swiss"]
[EventRounds "5"]
[EventCountry "ENG"]
[SourceTitle "CBM 195 Extra"]
[Source "ChessBase"]
[SourceDate "2020.05.31"]
[SourceVersion "1"]
[SourceVersionDate "2020.05.31"]
[SourceQuality "1"]

1. d4 Nf6 2. Bf4 e6 3. e3 c5 4. c3 Nc6 5. Nd2 d5 6. Bd3 Be7 7. Ngf3 Nh5 8. Be5 Nf6 9. Bg3 Nh5 10. Ne5 Nxg3 11. hxg3 Nxe5 12. dxe5 h6 13. Qg4 g6 14. 0-0-0 Qa5 15. Kb1 c4 16. Bxg6 fxg6 17. Qxg6+ Kd7 18. Nxc4 Qc7 19. Nd6 Bxd6 20. Qg7+ Kc6 21. Qxh8 Bxe5 22. Qe8+ Qd7 23. Qg6 Qg7 24. Rxh6 Bd7 25. Qh5 Rh8 26. Rxh8 Qxh8 27. Qg4 Kb6 28. Qg6 Ka5 29. f4 Bf6 30. Qf7 Qd8 31. e4 Bxc3 32. bxc3 Qb6+ 33. Ka1 Qe3 34. Qg7 Qxe4 35. Qxd7 Qc2 36. Qc7+ Ka4 37. Rb1 a5 38. Qc5 1-0

[Event "London CSC 5-Day U2050 op 10th"]
[Site "London"]
[Date "2018.12.13"]
[Round "5"]
[White "Faldon, David J"]
[Black "Rogers, Timothy"]
[Result "1/2-1/2"]
[WhiteElo "1921"]
[BlackElo "2003"]
[PlyCount "61"]
[EventDate "2018.12.09"]
[EventType "swiss"]
[EventRounds "5"]
[EventCountry "ENG"]
[SourceTitle "EXT 2020"]
[Source "ChessBase"]
[SourceDate "2019.10.17"]
[SourceVersion "1"]
[SourceVersionDate "2019.10.17"]
[SourceQuality "1"]

1. c4 Nf6 2. Nc3 e5 3. Nf3 Nc6 4. e3 Bb4 5. Qc2 0-0 6. Nd5 Re8 7. Qf5 d6 8. Nxf6+ Qxf6 9. Qxf6 gxf6 10. a3 Bc5 11. b4 Bb6 12. Bb2 a5 13. b5 Ne7 14. d4 Bg4 15. 0-0-0 c5 16. dxe5 dxe5 17. h3 Be6 18. g4 Ng6 19. Rg1 Rad8 20. h4 Rxd1+ 21. Kxd1 h6 22. h5 Ne7 23. Nd2 Kf8 24. f4 exf4 25. exf4 Ng8 26. Bd3 Bc7 27. f5 Bc8 28. Re1 Rxe1+ 29. Kxe1 b6 30. Be4 Be5 31. Bc1 1/2-1/2

[Event "London Classic op U2050-A 8th"]
[Site "London"]
[Date "2016.12.10"]
[Round "3"]
[White "San Vicente Cosculluela, Jose Luis"]
[Black "Rogers, Timothy"]
[Result "0-1"]
[WhiteElo "1844"]
[BlackElo "2033"]
[PlyCount "56"]
[EventDate "2016.12.09"]
[EventType "swiss"]
[EventRounds "5"]
[EventCountry "ENG"]
[SourceTitle "EXT 2019"]
[Source "ChessBase"]
[SourceDate "2018.10.10"]
[SourceVersion "1"]
[SourceVersionDate "2018.10.10"]
[SourceQuality "1"]

1. e4 c6 2. d4 d5 3. exd5 cxd5 4. Bd3 Nc6 5. c3 Qc7 6. Bg5 Nf6 7. Nd2 Bg4 8. Ngf3 Bh5 9. Bh4 e6 10. Bg3 Bd6 11. Bxd6 Qxd6 12. a4 0-0 13. 0-0 Bg6 14. Bxg6 hxg6 15. Re1 a6 16. Ne5 b5 17. Re3 b4 18. f4 bxc3 19. bxc3 Rac8 20. g4 Ne7 21. Qe1 Ne4 22. Nxe4 dxe4 23. Qh4 Rxc3 24. Rxe4 f6 25. Rd1 fxe5 26. Qe1 Rc2 27. Rxe5 Rxf4 28. Qg3 Rxd4 0-1

[Event "London Classic op 7th"]
[Site "London"]
[Date "2015.12.05"]
[Round "3"]
[White "Rogers, Timothy"]
[Black "White, David J"]
[Result "1-0"]
[WhiteElo "2075"]
[BlackElo "1921"]
[PlyCount "93"]
[EventDate "2015.12.04"]
[EventType "swiss"]
[EventRounds "9"]
[EventCountry "ENG"]
[SourceTitle "CBM 169 Extra"]
[Source "ChessBase"]
[SourceDate "2015.12.18"]
[SourceVersion "1"]
[SourceVersionDate "2015.12.18"]
[SourceQuality "1"]

1. e4 c5 2. Nf3 d6 3. d4 cxd4 4. Nxd4 Nf6 5. Nc3 g6 6. Be3 Bg7 7. f3 0-0 8. Qd2 Nc6 9. 0-0-0 d5 10. Kb1 Nxd4 11. e5 Nc6 12. exf6 exf6 13. Nxd5 Be6 14. Bc5 Re8 15. Bb5 Bxd5 16. Qxd5 Qa5 17. Bd6 Qb6 18. Bc4 Nd8 19. Rhe1 Qc6 20. Bb5 Rxe1 21. Bxc6 Rxd1+ 22. Qxd1 Nxc6 23. c4 Rd8 24. c5 Bf8 25. Qd5 Rd7 26. Qe4 Rd8 27. Qf4 f5 28. b4 Bg7 29. b5 Nd4 30. Qh4 Re8 31. a4 h6 32. f4 Re2 33. Qd8+ Kh7 34. Be5 Ne6 35. Qe7 Re1+ 36. Kc2 Bxe5 37. fxe5 Kg7 38. Qf6+ Kg8 39. c6 bxc6 40. bxc6 Re4 41. Kc3 Re3+ 42. Kb4 Re4+ 43. Kb5 Nc7+ 44. Ka5 Rd4 45. Qd6 Rd5+ 46. Kb4 Na6+ 47. Kc4 1-0

[Event "Hampstead op 30th"]
[Site "Hampstead"]
[Date "2015.07.05"]
[Round "5"]
[White "Fordham, Nicholas"]
[Black "Rogers, Timothy"]
[Result "1/2-1/2"]
[WhiteElo "1932"]
[BlackElo "1961"]
[PlyCount "43"]
[EventDate "2015.07.04"]
[EventType "swiss"]
[EventRounds "5"]
[EventCountry "ENG"]
[SourceTitle "CBM 167 Extra"]
[Source "ChessBase"]
[SourceDate "2015.09.14"]
[SourceVersion "1"]
[SourceVersionDate "2015.09.14"]
[SourceQuality "1"]

1. b3 Nf6 2. Bb2 e6 3. e3 Be7 4. Nf3 0-0 5. Nc3 c5 6. d4 cxd4 7. Nxd4 d5 8. g4 e5 9. Nf5 Bxf5 10. gxf5 d4 11. exd4 exd4 12. Na4 Qd5 13. Rg1 Nc6 14. Bg2 Qe5+ 15. Kf1 Rfe8 16. Bxc6 bxc6 17. Qxd4 Qxf5 18. Re1 Rad8 19. Qh4 Qxc2 20. Rg3 Rd1 21. Rxd1 Qxd1+ 22. Kg2 1/2-1/2

[Event "Hampstead op 30th"]
[Site "Hampstead"]
[Date "2015.07.05"]
[Round "3"]
[White "Rogers, Timothy"]
[Black "Iyengar, Ilya"]
[Result "1-0"]
[WhiteElo "1961"]
[BlackElo "2049"]
[PlyCount "99"]
[EventDate "2015.07.04"]
[EventType "swiss"]
[EventRounds "5"]
[EventCountry "ENG"]
[SourceTitle "CBM 167 Extra"]
[Source "ChessBase"]
[SourceDate "2015.09.14"]
[SourceVersion "1"]
[SourceVersionDate "2015.09.14"]
[SourceQuality "1"]

1. e4 c5 2. Nf3 e6 3. c3 d5 4. e5 d4 5. cxd4 cxd4 6. Bb5+ Bd7 7. Qe2 Nc6 8. 0-0 a6 9. Bd3 Rc8 10. a3 Na5 11. Qd1 Rxc1 12. Qxc1 Nb3 13. Qc4 Nxa1 14. Nxd4 b5 15. Qc3 Qb8 16. b4 Qxe5 17. Qxa1 Be7 18. Qc3 Bf6 19. Nf3 Qd6 20. Qc2 g6 21. Nc3 Bg7 22. Ne4 Qb6 23. Nc5 Bc6 24. Be4 Ne7 25. d4 0-0 26. Bxc6 Qxc6 27. Ne5 Qc8 28. Qe4 Rd8 29. Re1 Rd5 30. Rc1 Nf5 31. Nb3 Qb8 32. f4 h5 33. Rc5 Qd8 34. Nc6 Qd6 35. Rxd5 exd5 36. Qe8+ Kh7 37. Ne5 Nxd4 38. Nxd4 Qb6 39. Qxf7 Qxd4+ 40. Kf1 Qe4 41. Nf3 Kh6 42. Ng5 Qd3+ 43. Kf2 Qd2+ 44. Kg3 Qe3+ 45. Kh4 Qf2+ 46. Kh3 Qe2 47. g3 Qf1+ 48. Kh4 Qe2 49. h3 Qc2 50. Qg8 1-0